• 首页
  • 本馆介绍
  • 公告通知
  • 最新文献
  • 馆藏检索
  • 电子资源
  • 读者导购
  • 参考咨询
  • 我的图书馆
  • 登录
  • 详细信息显示
  • 放入我的书架
  • 预约/预借图书
  • 作者相关作品
  • 分类相关作品
  • 丛书相关作品
  • 出版社相关作品

书目信息

  • 表格格式
  • 工作单格式
  • 卡片格式
题名:
阿富汗三次抗英战争
    
 
作者: 彭树智 著
分册:  
出版信息: 北京   商务印书馆  1982
页数: 67页
开本: 19cm
丛书名: 外国历史小丛书
单 册:
中图分类: K372.4
科图分类:
主题词: 西亚--历史
电子资源:
ISBN:
000 00691nam2 2200253 45
001 0182006281
005 20060817145544.68
010    @dCNY0.21
091    @a11018.1066
100    @a19950704d1982 em y0chiy0121 ea
101 0  @achi
102    @aCN@b110000
105    @ay z 000yy
200 10 @a阿富汗三次抗英战争@Aa fu han san ci kang ying zhan zheng@f彭树智著@Fpeng shu zhi zhu
210    @a北京@c商务印书馆@d1982
215    @a67页@d19cm
225 2  @a外国历史小丛书
410  0 @12001 @a外国历史小丛书
606 0  @a西亚@x历史
690    @aK372.4@v3
701  0 @a彭树智@Apeng shu zhi@4著
801  0 @aCN@b上海图书馆@c20060817
801  2 @aCN@bNLC@c20060815
905    @dK372.4@e1
    
    阿富汗三次抗英战争/彭树智著.-北京:商务印书馆,1982
    67页;19cm.-(外国历史小丛书)
    
    
    ISBN :CNY0.21
    
●
相关链接 在E读中查询图书 在五车中查询图书 在当当中查询图书 在豆瓣中查询图书


正题名:阿富汗三次抗英战争     索取号:K372.4/1         预约/预借

序号 登录号 条形码 馆藏地/架位号 状态 备注
1 0435200   204352002   密集书库/ [索取号:K372.4/1] 在馆    
2 0435201   204352011   密集书库/ [索取号:K372.4/1] 在馆    
3 0435253   204352538   密集书库/ [索取号:K372.4/1] 在馆    
4 0435254   204352529   密集书库/ [索取号:K372.4/1] 在馆    
5 0460506   204605061   密集书库/ [索取号:K372.4/1] 在馆    
6 0466291   204662917   密集书库/ [索取号:K372.4/1] 在馆    
唐山师范学院图书馆 欢迎您!
大连网信软件有限公司© 版权所有